Statistics for Countries with a 'G' in their name:

Click here to take the quiz!

General Stats

  • This quiz has been taken 78 times
  • The average score is 37 of 45

Answer Stats

HintAnswer% Correct
Uruguay
94%
Algeria
94%
Guinea
94%
Germany
92%
Paraguay
92%
AAfghanistan
92%
Argentina
92%
Angola
92%
Gambia
91%
Ghana
91%
Guinea Bissau
89%
Nigeria
89%
HHungary
89%
Niger
89%
Bulgaria
89%
GGabon
88%
EEgypt
88%
Grenada
88%
Guatemala
88%
UUganda
88%
Equatorial Guinea
86%
Guyana
86%
United Kingdom
85%
TTogo
83%
Tonga
82%
NNicaragua
82%
PPapua New Guinea
82%
KKyrgyzstan
80%
CCongo DR
80%
LLuxembourg
80%
Congo R
80%
Antigua and Barbuda
80%
BBangladesh
78%
Greece
78%
Belgium
77%
Portugal
77%
Mongolia
75%
Senegal
75%
Trinidad and Tobago
74%
MMadagascar
72%
SSt Vincent and the Grenadines
69%
Singapore
68%
Montenegro
68%
Georgia
68%
Bosnia and Herzegovina
63%

Score Distribution

Percentile by Number Answered

Percent of People with Each Score

Your Score History

You have not taken this quiz